Law Wales (Record no. 121038)

MARC details
000 -LEADER
fixed length control field 00681cai a22001935a 4500
001 - CONTROL NUMBER
control field L158765
008 - FIXED-LENGTH DATA ELEMENTS--GENERAL INFORMATION
fixed length control field 150714u xxk g 000 0 eng d
035 ## - SYSTEM CONTROL NUMBER
System control number (Sirsi) u158765
041 0# - LANGUAGE CODE
Language code of text/sound track or separate title eng
110 2# - MAIN ENTRY--CORPORATE NAME
Corporate name or jurisdiction name as entry element Welsh Government
9 (RLIN) 6155
245 00 - TITLE STATEMENT
Title Law Wales
Medium [electronic resource]
520 ## - SUMMARY, ETC.
Summary, etc. Provides information about Wales' constitutional arrangements and law made in Wales. Allows searching by topic and contains online journal articles. In Welsh and English.
650 24 - SUBJECT ADDED ENTRY--TOPICAL TERM
Topical term or geographic name entry element LAWS
651 #4 - SUBJECT ADDED ENTRY--GEOGRAPHIC NAME
Geographic name Wales
690 ## - LOCAL SUBJECT ADDED ENTRY--TOPICAL TERM (OCLC, RLIN)
Topical term or geographic name as entry element Business and management
710 2# - ADDED ENTRY--CORPORATE NAME
Corporate name or jurisdiction name as entry element Westlaw UK
9 (RLIN) 6156
856 40 - ELECTRONIC LOCATION AND ACCESS
Uniform Resource Identifier <a href="https://law.gov.wales">https://law.gov.wales</a>
Public note View the website free of charge at www.law.gov.wales
942 ## - ADDED ENTRY ELEMENTS (KOHA)
Suppress in OPAC 0
Holdings
Withdrawn status Lost status Source of classification or shelving scheme Damaged status Not for loan Home library Current library Shelving location Date acquired Total Checkouts Full call number Barcode Date last seen Copy number Price effective from Koha item type
    Dewey Decimal Classification     Virtual Virtual Online 14/07/2015   ONLINE PUBLICATION 158765-2001 06/08/2019 1 06/08/2019 Online material